Discepolín : poeta del hombre que está solo y espera /

Guardado en:
Autor Principal: Ferrer, Horacio
Otros Autores: Sierra, Luis
Formato: Libro
Publicado: Buenos Aires : Sudamericana
Series:Biografías y testimonios
Materias:
Etiquetas: Agregar Etiqueta
Sin Etiquetas, Sea el primero en etiquetar este registro!
LEADER 00628nam a22002055a 4500
001 CEM.cems012719
005 20070926180549.0
008 130507b######################000#0#####d
003 CEMS
020 |a 9500724804 
082 0 4 |a 927 
100 1 |a Ferrer, Horacio 
245 1 0 |a Discepolín :  |b poeta del hombre que está solo y espera /  |c Horacio Ferrer, Luis Sierra 
260 |a Buenos Aires :  |b Sudamericana 
300 |a 192 p. 
490 0 |a Biografías y testimonios 
653 |a Biografía 
653 |a Discépolo, enrique santos-biografía 
700 1 |a Sierra, Luis 
859 |a CEMS  |b BIB. CEMS - 11 de abril  |h 927  |i D631f  |p 24037.07  |t Ej.1